| 000 | 00610nam a2200217 a 4500 | ||
|---|---|---|---|
| 999 |
_c2798 _d2798 |
||
| 001 | 2798 | ||
| 003 | BD-JhCC | ||
| 005 | 20171106202843.0 | ||
| 008 | 171106s1964 bg |||| ||a| 000 0 ben d | ||
| 035 | _a(BD-JhCC)2798 | ||
| 040 |
_aBD-JhCC _dBD-JhCC |
||
| 041 | _aben | ||
| 082 |
_a891.443 _bCHO 1967 |
||
| 100 | _aচৌধুরী, আনিস | ||
| 245 |
_aসরোবর / _cআনিস চৌধুরী, |
||
| 260 |
_aঢাকা : _bসন্ধ্যানী প্রকাশনী, _c1967 |
||
| 300 |
_a120 p. : _c22 cm. |
||
| 650 | _aBengali Novel | ||
| 942 |
_2ddc _cBK |
||